Похищенный: роман; пер. с англ.
| Autor principal: | |
|---|---|
| Sumari: | Исключено из фонда НТБ ТПУ |
| Idioma: | rus |
| Publicat: |
Москва, ЭКСМО-Пресс, 2000
|
| Format: | MixedMaterials Llibre |
| KOHA link: | https://koha.lib.tpu.ru/cgi-bin/koha/opac-detail.pl?biblionumber=15120 |
MARC
| LEADER | 00000nam0a2200000 4500 | ||
|---|---|---|---|
| 001 | 15120 | ||
| 005 | 20231030190026.0 | ||
| 010 | |a 5040040423 | ||
| 035 | |a (RuTPU)RU\TPU\book\15224 | ||
| 035 | |a BOOK00000043 | ||
| 090 | |a 15120 | ||
| 100 | |a 20011209d2000 m y0rusy50 ca | ||
| 101 | 1 | |a rus |c eng | |
| 102 | |a RU | ||
| 105 | |a y z 000ay | ||
| 200 | 1 | |a Похищенный |e роман |e пер. с англ. |f Д. Стил | |
| 210 | |a Москва |c ЭКСМО-Пресс |d 2000 | ||
| 215 | |a 384 с. | ||
| 333 | |a Исключено из фонда НТБ ТПУ | ||
| 700 | 1 | |a Стил |b Д. |g Даниэла | |
| 801 | 0 | |a RU |b 63413507 |c 20011209 |g PSBO | |
| 801 | 2 | |a RU |b 63413507 |c 20110210 |g PSBO | |
| 942 | |c BK | ||